000 00520nam a2200169 i 4500
001 30426
003 ES-MaACL
005 20230906154207.0
007 t|
008 030124s1945 sp ||||1| spa d
100 1 _aWittels Bach, Pilar.
_9117180
245 1 0 _aAlfonso XIII /
_cpor Pilar Wittels Bach y Desmond Champman-Huston.
260 _aBarcelona :
_bJuventud,
_c[1945] (
_fAtenas, A.G)
300 _a325 p., 10 lám. ;
_c23 cm.
700 1 _aChapman-Huston, Desmond.
_938037
852 _aES-MaACL
_jF-16248
_bR.21318
999 _c30426
_d30426